International economics / (Record no. 2422)

000 -LEADER
fixed length control field 01959cam a2200349 i 4500
001 - CONTROL NUMBER
control field 17545563
003 - CONTROL NUMBER IDENTIFIER
control field OSt
005 - DATE AND TIME OF LATEST TRANSACTION
control field 20160720122019.0
008 - FIXED-LENGTH DATA ELEMENTS--GENERAL INFORMATION
fixed length control field 121130s2014 mau b 001 0 eng
010 ## - LIBRARY OF CONGRESS CONTROL NUMBER
LC control number 2012043812
020 ## - INTERNATIONAL STANDARD BOOK NUMBER
International Standard Book Number 9780132948913 (alk. paper)
040 ## - CATALOGING SOURCE
Original cataloging agency DLC
Language of cataloging eng
Transcribing agency DLC
Description conventions rda
Modifying agency DLC
042 ## - AUTHENTICATION CODE
Authentication code pcc
043 ## - GEOGRAPHIC AREA CODE
Geographic area code n-us---
050 00 - LIBRARY OF CONGRESS CALL NUMBER
Classification number HF1359.G474 2014
082 00 - DEWEY DECIMAL CLASSIFICATION NUMBER
Classification number 337
Edition number 23
100 1# - MAIN ENTRY--PERSONAL NAME
Personal name Gerber, James.
245 10 - TITLE STATEMENT
Title International economics /
Statement of responsibility, etc James Gerber, San Diego State University.
250 ## - EDITION STATEMENT
Edition statement Sixth Edition.
260 ## - PUBLICATION, DISTRIBUTION, ETC. (IMPRINT)
Place of publication, distribution, etc USA
Name of publisher, distributor, etc pearson education
Date of publication, distribution, etc 2014
300 ## - PHYSICAL DESCRIPTION
Extent xxv, 469 pages ;
Dimensions 24 cm
504 ## - BIBLIOGRAPHY, ETC. NOTE
Bibliography, etc Includes bibliographical references and index.
505 0# - FORMATTED CONTENTS NOTE
Formatted contents note Introduction and institutions -- The United States in a global economy -- International economic institutions since World War II -- International trade -- Comparative advantage and the gains from trade -- Comparative advantage and factor endowments -- Beyond comparative advantage -- The theory of tariffs and quotas -- Commercial policy -- International trade and labor and environmental standards -- International finance -- Trade and the balance of payments -- Exchange rates and exchange rate systems -- An introduction to open economy macroeconomics -- International financial crises -- Regional issues in the global economy -- The United States in the world economy -- The European Union : many markets into one -- Trade and policy reform in Latin America -- Export-oriented growth in East Asia -- The bric countries in the world economy.
650 #0 - SUBJECT ADDED ENTRY--TOPICAL TERM
Topical term or geographic name as entry element International economic relations.
650 #0 - SUBJECT ADDED ENTRY--TOPICAL TERM
Topical term or geographic name as entry element International economic integration.
650 #0 - SUBJECT ADDED ENTRY--TOPICAL TERM
Topical term or geographic name as entry element International trade.
650 #0 - SUBJECT ADDED ENTRY--TOPICAL TERM
Topical term or geographic name as entry element Commercial policy.
651 #0 - SUBJECT ADDED ENTRY--GEOGRAPHIC NAME
Geographic name United States
General subdivision Foreign economic relations.
906 ## - LOCAL DATA ELEMENT F, LDF (RLIN)
a 7
b cbc
c orignew
d 1
e ecip
f 20
g y-gencatlg
942 ## - ADDED ENTRY ELEMENTS (KOHA)
Source of classification or shelving scheme
Koha item type Book
Holdings
Withdrawn status Lost status Source of classification or shelving scheme Damaged status Not for loan Home library Current library Shelving location Date acquired Total Checkouts Full call number Barcode Date last seen Copy number Price effective from Koha item type
          Riara University Library Riara University Library General stack 20/07/2016   HF1359.G474 2014 7413/16 20/07/2016 C.1 20/07/2016 Book

Riara University Library,
P.O. Box 49940-00100,
Nairobi, Kenya.